00696 a2200181 45000010006000000050017000060080041000230030015000640400040000790800073001192450068001922640041002603000019003015050126003200410008004461000022004547000038004766334620260407155931.0260407a1969 arg spa dAR-UNSa-BCEJYS aAR-UNSa-BCEJYSbspacAR-UNSa-BCEJYS a510xConsideraciones fundamentales y generales de las matemáticas 10aTeoría y problemas de fundamentos de matemáticas superiores 1aBogotá :bLibros McGraw-Hillc1969 a242 p.c27 cm. a1. Álgebra - 2. Trigonometría plana - 3. Geometría analítica plana y del espacio - 4. Introducción al cálculo aspa1 aAyres, Frank, Jr.1 aCastaño Ceballos, Jesús Maria